UEFA Euro Top Scorers - Statistics

General Stats
  • This quiz has been taken 56 times
  • The average score is 11 of 15
Answer Stats
goals country tournaments player % Correct
15 Portugal 2004,2008,2012,2016,2020,2024 Cristiano Ronaldo
100%
7 England 2016, 2020, 2024 Harry Kane
92%
6 England 2004, 2012, 2016 Wayne Rooney
92%
6 Sweden 2004, 2008, 2012, 2016 Zlatan Ibrahimovic
91%
6 Poland 2012, 2016, 2020, 2024 Robert Lewandowski
89%
6 Belgium 2016, 2020, 2024 Romelu Lukaku
89%
7 France 2016, 2020, 2024 Antoine Griezmann
87%
7 Spain 2016, 2020, 2024 Alvaro Morata
83%
9 France 1984 Michel Platini
81%
6 France 2000, 2004, 2008 Thierry Henry
81%
6 Netherlands 2004, 2008 Ruud vanNistelrooy
74%
7 England 1992, 1996, 2000 Alan Shearer
72%
6 Netherlands 1996, 2000, 2004 Patrick Kluivert
55%
6 Czechia 2020, 2024 Patrick Schick
28%
6 Portugal 2000,2004, 2008 Nuno Gomes
13%
No matching quizzes found
Score Distribution
Percent of People with Each Score
Percentile by Number Answered
Your Score History
You have not taken this quiz